Základné dokumenty americkej demokracie
Uložené v:
| Ďalší autori: | |
|---|---|
| Médium: | Kniha |
| Jazyk: | Slovak |
| Vydavateľské údaje: |
Washington, D.C.
Informačná agentúra Spojených štátov
[1998]
|
| Predmet: | |
| Tagy: |
Žiadne tagy, Buďte prvý, kto otaguje tento záznam!
|
MARC
| LEADER | 00000nam a2200000 4500 | ||
|---|---|---|---|
| 001 | c109452 | ||
| 005 | 20221109071342.7 | ||
| 041 | 0 | |a slo | |
| 044 | |a US | ||
| 245 | 1 | 0 | |a Základné dokumenty americkej demokracie |c [Zostavil: Melvin I. Urofsky] |
| 264 | 1 | |a Washington, D.C. |b Informačná agentúra Spojených štátov |c [1998] | |
| 300 | |a 199 s. | ||
| 610 | 2 | 0 | |a dokumenty |
| 610 | 2 | 0 | |a demokracia |
| 610 | 2 | 0 | |a zmluvy |
| 610 | 2 | 0 | |a ústava |
| 610 | 2 | 0 | |a štát |
| 610 | 2 | 0 | |a prezidenti |
| 610 | 2 | 0 | |a práva ľudské |
| 610 | 2 | 0 | |a sloboda |
| 610 | 2 | 0 | |a náboženstvo |
| 610 | 2 | 0 | |a prejavy |
| 610 | 2 | 0 | |a pomoc zahraničná |
| 610 | 2 | 0 | |a politika zahraničná |
| 610 | 2 | 0 | |a organizácie |
| 610 | 2 | 0 | |a Amerika |
| 610 | 2 | 0 | |a USA |
| 700 | 1 | |a Urofsky, Melvin I. | |